| 000 | 01396nam a22003377i 4500 | ||
|---|---|---|---|
| 003 | EG-ScBUE | ||
| 005 | 20221127122040.0 | ||
| 008 | 220731s1991 ua k f 000 0 ara d | ||
| 017 | _a1991 / 9242 | ||
| 020 | _a9775107407 | ||
| 040 |
_aEG-ScBUE _bara _erda _cEG-ScBUE _dEG-ScBUE |
||
| 041 | 1 |
_aara _heng |
|
| 082 | 0 | 4 |
_222 _a363.738 _bف ل ا |
| 100 | 1 |
_aفلافين، كريستوفر، _eمؤلف. |
|
| 245 | 1 | 0 |
_aارتفاع درجة حرارة الأرض : _bاستراتيجية عالمية لإبطائه / _cتأليف كريستوفر فلافين ؛ ترجمة دكتور سيد رمضان هدارة. |
| 250 | _aالطبعة العربية الأولى. | ||
| 264 | 1 |
_aالقاهرة : _bالدار الدولية للنشر والتوزيع، _c1991. |
|
| 300 |
_a131 صفحة : _bأشكال ؛ _c24 سم |
||
| 336 |
_2rdacontent _aنص _btxt |
||
| 337 |
_2rdamedia _aبدون وسيط _bn |
||
| 338 |
_2rdacarrier _aمجلد _bnc |
||
| 541 | _aBook from store. | ||
| 546 | _aالنص باللغة العربية وتم ترجمته من اللغة الإنجليزية. | ||
| 650 | 7 |
_aدرجة حرارة الأرض. _2BUEsh |
|
| 650 | 7 |
_aالأرض، علوم. _2BUEsh |
|
| 650 | 7 |
_aفيزياء الأرض. _2BUEsh |
|
| 653 |
_bGGEN _cNovember2022 |
||
| 655 | _vReading book | ||
| 700 | 1 |
_aهدارة، سيد رمضان، _eمترجم. |
|
| 942 | _2ddc | ||
| 999 |
_c29992 _d29963 |
||